صافى الخسائر فىالاسماك وفرص العمل والبيئة البحرية / (Record no. 48301)
[ view plain ]
| 000 -الفاتح | |
|---|---|
| حقل البيانات ثابتة الطول | 00487nam a2200157Ia 4500 |
| 008 - عناصر البيانات ثابتة الطول - معلومات عامة | |
| حقل البيانات ثابتة الطول | 140319s9999 xx 000 0 ara d |
| 040 ## - مصدر الفهرسة | |
| وكالة الفهرسة الأصلية | GCL / |
| وكالة النسخ | GCL |
| 082 04 - رقم تصنيف ديوى العشرى | |
| رقم التصنيف | 301.31 |
| رقم المادة | و ص |
| 100 1# - المدخل الرئيسى - إسم شخصى | |
| الإسم الشخصى | ويبر, بيتر |
| 245 10 - بيان العنوان | |
| العنوان | صافى الخسائر فىالاسماك وفرص العمل والبيئة البحرية / |
| بيان المسئوليه,etc | ويبر, بيتر |
| 700 1# - المدخل الاضافى - اسم شخصى | |
| الإسم الشخصى | اكال |
| 700 1# - المدخل الاضافى - اسم شخصى | |
| الإسم الشخصى | امال كيلانى |
| 300 ## - الوصف المادى | |
| التعداد | 123 ص |
| 490 ## - بيان السلسلة | |
| عنوان السلسلة | ورلد واتش العربية |
| رقم المجلد/ التعيين التسلسلي | 0 |
| حالة التراجع | حالة الفقد | حالة تلف | ليس للاعارة | المكان المؤقت | الموقع الحالى | تاريخ الاكتساب | اجمالي اﻻعارات | رقم الطلب | الباركود | تاريخ اخر مشاهدة | تاريخ تفعيل السعر | نوع وعاء كوها |
|---|---|---|---|---|---|---|---|---|---|---|---|---|
| مكتبة القاهرة الكبرى | مكتبة القاهرة الكبرى | 03/26/2014 | 301.31\و ص | 116611 | 03/26/2014 | 03/26/2014 | كتاب | |||||
| مكتبة القاهرة الكبرى | مكتبة القاهرة الكبرى | 03/26/2014 | 301.31\و ص | 116612 | 03/26/2014 | 03/26/2014 | كتاب |

